Saltar al contenido
Inicio
Centros participantes
Catálogo
Servicios
Contacto
登錄
English
Deutsch
Español
Français
Italiano
日本語
Nederlands
Português
Português (Brasil)
中文(简体)
中文(繁體)
Türkçe
עברית
Gaeilge
Cymraeg
Ελληνικά
Català
Euskara
Русский
Čeština
Suomi
Svenska
polski
Dansk
slovenščina
اللغة العربية
বাংলা
Galego
Tiếng Việt
Hrvatski
हिंदी
Հայերէն
Українська
Sámegiella
語言
全文檢索
題名
作者
主題
索引號
ISBN/ISSN
標簽
檢索
高級檢索
Venezuela al borde del abismo
引用
推薦此
打印
導出紀錄
導出到 RefWorks
導出到 EndNoteWeb
導出到 EndNote
加到收藏夾
Enlace Permanente
Agregar primera valuación
Venezuela al borde del abismo
Guardado en:
書目詳細資料
格式:
Texto
標簽:
添加標簽
沒有標簽, 成為第一個標記此記錄!
持有資料
實物特徵
您的評論
相似書籍
職員瀏覽
MARC
LEADER
00000 a a2200000 04500
001
42601
003
040
245
|a
Venezuela al borde del abismo
773
|g
volumen25, número1110 ( , 2004), páginas 4-6
999
|c
35254
|d
35254
相似書籍
Abismo sitiado /
由: Quirós Sanabria, Rodrigo 1944-1997
出版: (1973)
Abismo sitiado
由: Quirós, Rodrigo
出版: (1973)
Alemán, al borde del desafuero
Al borde del aliento, otoño /
由: Bonilla, María
出版: (2000)
Diferente al abismo y otros poemas /
由: Charpentier García, Jorge 1933-
出版: (1989)